[Event "Ankara Baskent Univ op 2nd"]
[Site "Ankara"]
[Date "2017.07.01"]
[Round "3"]
[White "Akti, Ezgi"]
[Black "Kemaloglu, Muharrem"]
[Result "1/2-1/2"]
[WhiteElo "1519"]
[BlackElo "1599"]
[PlyCount "113"]
[EventDate "2017.06.30"]
[EventType "swiss"]
[EventRounds "9"]
[EventCountry "TUR"]
[SourceTitle "CBM 179 Extra"]
[Source "ChessBase"]
[SourceDate "2017.08.23"]
[SourceVersion "1"]
[SourceVersionDate "2017.08.23"]
[SourceQuality "1"]

1. e4 g6 2. d4 Bg7 3. c3 d6 4. Nf3 Nd7 5. Bc4 e6 6. Qe2 Ne7 7. 0-0 0-0 8. Rd1 Nb6 9. Bb3 d5 10. e5 c5 11. Na3 a6 12. Bc2 cxd4 13. cxd4 Bd7 14. Bd2 Nc6 15. Rac1 Qe7 16. Qe1 a5 17. Bb1 f6 18. Rc3 fxe5 19. dxe5 Na4 20. Rb3 Nc5 21. Bg5 Qe8 22. Rb5 Nxe5 23. Rxc5 Rxf3 24. Rxa5 Rf8 25. Rxa8 Qxa8 26. Be7 Rf7 27. Bd6 Ng4 28. Rd2 Qa5 29. Re2 Qxe1+ 30. Rxe1 Nxf2 31. Bc5 Bxb2 32. Re2 Bxa3 33. Bxa3 Ng4 34. h3 Nh6 35. Bd3 Nf5 36. Bc5 Ng3 37. Re3 Nh5 38. g3 Ng7 39. g4 Rf4 40. Bd6 Rf7 41. a3 Bc6 42. Be5 Ne8 43. Bc2 Nf6 44. Bb3 Ne4 45. Rxe4 dxe4 46. Bxe6 Kf8 47. Bxf7 Kxf7 48. Kf2 Ke6 49. Bd4 Kd5 50. Ke3 Kc4 51. h4 Kd5 52. g5 b5 53. Bc3 Ke6 54. Kf4 Bb7 55. Bd4 Kd5 56. Ke3 Kc4 57. Be5 1/2-1/2